| 000 | 00901pam a2200289 a 4500 | ||
|---|---|---|---|
| 001 | 006908983 | ||
| 003 | OSt | ||
| 005 | 20140323154610.0 | ||
| 008 | 050412t2004 at ako frd 001 0 eng d | ||
| 020 | _a1401811078 (pbk.) | ||
| 020 | _a9781401811075 | ||
| 040 |
_aStDuBDS _dUkCU _dUk |
||
| 082 | 0 | 4 |
_a621.992 _222 _bHOF |
| 100 | 1 |
_aHoffman, Edward G. _935756 |
|
| 245 | 1 | 0 |
_aJig and fixture design / _cEdward G. Hoffman. |
| 250 | _a5th ed. | ||
| 260 |
_a[Canberra] : _bDelmar Cengage Learning, _cc.2004. |
||
| 300 |
_axiv, 369 p. : _bforms, photographs, tables ; _c28 cm. |
||
| 490 | 0 | _aDelmar, cengage learning drafting series | |
| 500 | _aIncludes appendix. | ||
| 500 | _aGlossary : p. 347-355. | ||
| 500 | _aIndex : p. 359-369. | ||
| 650 | 0 |
_aJigs and fixtures _xDesign and construction _935757 |
|
| 653 |
_bENGMEC _cMarch2014 |
||
| 655 |
_vreading book _934232 |
||
| 942 |
_2ddc _k621.992 HOF |
||
| 999 |
_c18160 _d18132 |
||